书目信息 |
| 题名: |
收获,不止SQL优化
|
|
| 作者: | 梁敬彬 , 梁敬弘 著 | |
| 分册: | ||
| 出版信息: | 北京 电子工业出版社 2017.6 |
|
| 页数: | 26,461页 | |
| 开本: | 26cm | |
| 丛书名: | ||
| 单 册: | ||
| 中图分类: | TP311.132.3 , TP311.138SQ | |
| 科图分类: | ||
| 主题词: | 关系数据库--数据库管理系统,SQL | |
| 电子资源: | ||
| ISBN: | 978-7-121-31436-0 | |
| 000 | 01523nam0 2200301 450 | |
| 001 | 0400001995 | |
| 005 | 20171019213027.0 | |
| 010 | @a978-7-121-31436-0@dCNY88.00 | |
| 100 | @a20170802d2017 em y0chiy50 ea | |
| 101 | 0 | @achi |
| 102 | @aCN@b110000 | |
| 105 | @ay z 000yy | |
| 106 | @ar | |
| 200 | 1 | @a收获,不止SQL优化@9shou huo,bu zhi SQL you hua@e抓住SQL的本质@f梁敬彬, 梁敬弘著 |
| 210 | @a北京@c电子工业出版社@d2017.6 | |
| 215 | @a26,461页@d26cm | |
| 314 | @a梁敬彬,男,福富研究院副理事长、公司四星级内训师。不仅是公司特级专家也是国内一线知名数据库专家。著有多本畅销数据库技术书籍,其代表作《收获,不止Oracle》已成为数据库领域有口皆碑的经典书籍,《收获,不止SQL优化》即将开创一个新的里程碑。 | |
| 314 | @a梁敬弘,男,清华大学计算机系博士毕业,在计算机领域和金融领域皆有建树,拥有多项计算机相关核心专利技术的同时,还拥有金融行业的CFP等高级认证。现就职于华夏银行总行。 | |
| 330 | @a本书首先教你SQL整体优化、快速优化实施、如何读懂执行计划、如何左右执行计划这四大必杀招。接下来带领大家飞翔在“术”的天空。教你体系结构、逻辑结构、表设计、索引设计、表连接这五大要领。随后本书指引大家学会等价改写、过程包优化、高级SQL、分析函数、需求优化这些相关的五大神功。最后一章是总结与延伸。 | |
| 517 | 1 | @a抓住SQL的本质@9zhua zhu SQL de ben zhi |
| 606 | 0 | @a关系数据库@x数据库管理系统,SQL |
| 610 | 0 | @aSQL |
| 690 | @aTP311.132.3@v5 | |
| 690 | @aTP311.138SQ@v5 | |
| 701 | 0 | @a梁敬彬@9liang jing bin@4著 |
| 701 | 0 | @a梁敬弘@9liang jing hong@4著 |
| 801 | 0 | @aCN@b91MARC@c20171019 |
| 905 | @b1031205-9@dTP311.132.3@f5@e1142 | |
| 收获,不止SQL优化:抓住SQL的本质/梁敬彬, 梁敬弘著.-北京:电子工业出版社,2017.6 |
| 26,461页;26cm |
| ISBN 978-7-121-31436-0:CNY88.00 |
| 本书首先教你SQL整体优化、快速优化实施、如何读懂执行计划、如何左右执行计划这四大必杀招。接下来带领大家飞翔在“术”的天空。教你体系结构、逻辑结构、表设计、索引设计、表连接这五大要领。随后本书指引大家学会等价改写、过程包优化、高级SQL、分析函数、需求优化这些相关的五大神功。最后一章是总结与延伸。 |
| ● |
| 相关链接 |
|
|
|
|
正题名:收获,不止SQL优化
索取号:TP311.132.3/1142
 
预约/预借
| 序号 | 登录号 | 条形码 | 馆藏地/架位号 | 状态 | 备注 |
| 1 | 1031205 | 210312053 | 第二样本阅览室/ [索取号:TP311.132.3/1142] | 在馆 | |
| 2 | 1031206 | 210312062 | 密集书库—计算机科学学院/ [索取号:TP311.132.3/1142] | 在馆 | |
| 3 | 1031207 | 210312071 | 第三借阅区/ [索取号:TP311.132.3/1142] | 在馆 | |
| 4 | 1031208 | 210312080 | 第三借阅区/ [索取号:TP311.132.3/1142] | 在馆 | |
| 5 | 1031209 | 210312099 | 第三借阅区/ [索取号:TP311.132.3/1142] | 在馆 |